| 000 | 01928nam a2200433Ia 4500 | ||
|---|---|---|---|
| 001 | ebr10091961 | ||
| 003 | CaPaEBR | ||
| 006 | m u | ||
| 007 | cr cn||||||||| | ||
| 008 | 041130s2005 ohu sb s001 0 eng d | ||
| 010 | _z 2004028391 | ||
| 020 | _z0804040141 | ||
| 020 | _z0804010722 (cloth : acid-free paper) | ||
| 020 | _z0804010730 (pbk. : acid-free paper) | ||
| 040 |
_aCaPaEBR _cCaPaEBR |
||
| 035 | _a(OCoLC)84860227 | ||
| 050 | 1 | 4 |
_aGE155.W47 _bD4 2005eb |
| 082 | 0 | 4 |
_a333.72/0978 _222 |
| 100 | 1 |
_aDe Voto, Bernard Augustine, _d1897-1955. |
|
| 245 | 1 | 0 |
_aDeVoto's West _h[electronic resource] : _bhistory, conservation, and the public good / _cby Bernard DeVoto ; edited by Edward K. Muller. |
| 260 |
_aAthens, Ohio : _bSwallow Press : _bOhio University Press, _cc2005. |
||
| 300 | _axxxv, 275 p. | ||
| 500 | _a"Published in association with the Center for American Places Santa Fe, New Mexico, and Staunton, Virginia." | ||
| 500 | _a"DeVoto's West collects twenty-two of DeVoto's essays on the American West and convervation issues"--Introd. | ||
| 504 | _aIncludes bibliographical references and index. | ||
| 533 |
_aElectronic reproduction. _bPalo Alto, Calif. : _cebrary, _d2009. _nAvailable via World Wide Web. _nAccess may be limited to ebrary affiliated libraries. |
||
| 650 | 0 |
_aEnvironmental protection _zWest (U.S.) |
|
| 650 | 0 |
_aConservation of natural resources _zWest (U.S.) |
|
| 650 | 0 |
_aPublic lands _zWest (U.S.) |
|
| 650 | 0 | _aCommon good. | |
| 650 | 0 |
_aEnvironmental degradation _zWest (U.S.) |
|
| 651 | 0 |
_aWest (U.S.) _xEnvironmental conditions. |
|
| 651 | 0 |
_aWest (U.S.) _xHistory. |
|
| 651 | 0 |
_aWest (U.S.) _xDescription and travel. |
|
| 655 | 7 |
_aElectronic books. _2local |
|
| 700 | 1 | _aMuller, Edward K. | |
| 710 | 2 | _aebrary, Inc. | |
| 856 | 4 | 0 |
_uhttp://site.ebrary.com/lib/rucke/Doc?id=10091961 _zAn electronic book accessible through the World Wide Web; click to view |
| 999 |
_c71297 _d71297 |
||